000 00429 a2200145 4500
005 20250628091756.0
020 _a0-697-00389-2
082 _a658.05 SAN
100 _aSANG LEE,
245 _aMicromanagement Science: Microcomputer Applications of management Science,
260 _aNew York,
_bWm. C. Brown Publishers,
_c1986.
300 _axviii, 426p: ill, figure, table,
_bIndex,
_c24cm.
700 _aSHIM, J.
942 _2ddc
_cBKS
999 _c5918
_d5918